| 000 | 00399nam a22001697i 4500 | ||
|---|---|---|---|
| 001 | 2306 | ||
| 003 | OSt | ||
| 005 | 20170126082304.0 | ||
| 007 | tu | ||
| 008 | 161220s1971 xxu||||| |||| 00| 0 d | ||
| 024 | 7 |
_a2305 _2RID |
|
| 040 | _cOSt | ||
| 084 |
_a23.1 _2z |
||
| 245 | 0 | 0 | _aThesaurus Ökonomie: Teil I: Alphabetischer Teil - Teil II: Systematischer Teil |
| 260 |
_aBerlin (DDR), _c1971. |
||
| 300 | _c30cm | ||
| 942 | _cB | ||
| 999 |
_c2285 _d2285 |
||